Los Peligros de la democracia en Nicaragua /

সংরক্ষণ করুন:
গ্রন্থ-পঞ্জীর বিবরন
প্রধান লেখক: Orozco, Manuel
বিন্যাস: পাঠ‍্য
বিষয়গুলি:
ট্যাগগুলো: ট্যাগ যুক্ত করুন
কোনো ট্যাগ নেই, প্রথমজন হিসাবে ট্যাগ করুন!

MARC

LEADER 00000 a a2200000 04500
001 7505
003
040
100 |a Orozco, Manuel  
245 |a Los Peligros de la democracia en Nicaragua /  |c Manuel Orozco 
650 |a ELITE  
650 |a COMPORTAMIENTO POLITICO  
650 |a SISTEMAS DE PARTIDOS  
650 |a PRESIDENCIALISMO  
650 |a CORRUPCION  
650 |a ELECCIONES  
650 |a ENCUESTAS DE OPINION  
773 |g número 17; páginas 30-  
999 |c 22479  |d 22479